Normal view
MARC view
Entry Topical Term
001 - CONTROL NUMBER
- control field: 22984
003 - CONTROL NUMBER IDENTIFIER
- control field: OSt
005 - DATE AND TIME OF LATEST TRANSACTION
- control field: 20260203133259.0
008 - FIXED-LENGTH DATA ELEMENTS
- fixed length control field: 260203|| aca||aabn | a|a d
040 ## - CATALOGING SOURCE
- Original cataloging agency: OSt
- Transcribing agency: OSt
150 ## - HEADING--TOPICAL TERM
- Topical term or geographic name entry element: English language ,grammer.composition and excercises
670 ## - SOURCE DATA FOUND
- Source citation: Work cat.: (OSt)21383: H,Mc Graw 22983, Grammer and Composition Handbook
